Welcome to CU Library Online Public Access Catalogue (OPAC)

The management of innovation and technology : (Record no. 5960)

MARC details
000 -LEADER
fixed length control field 00965cam a2200241 a 4500
001 - CONTROL NUMBER
control field 13734222
005 - DATE AND TIME OF LATEST TRANSACTION
control field 20250526145550.0
008 - FIXED-LENGTH DATA ELEMENTS--GENERAL INFORMATION
fixed length control field 040928s2005 enka e b 001 0 eng d
020 ## - INTERNATIONAL STANDARD BOOK NUMBER
International Standard Book Number 0761970231
020 ## - INTERNATIONAL STANDARD BOOK NUMBER
International Standard Book Number 076197024X (pbk.)
050 00 - LIBRARY OF CONGRESS CALL NUMBER
Classification number HD45
Item number .H69 2005
082 04 - DEWEY DECIMAL CLASSIFICATION NUMBER
Classification number 338.064
Edition information 22
100 1# - MAIN ENTRY--PERSONAL NAME
Personal name Howells, John,
Dates associated with a name 1961-
245 14 - TITLE STATEMENT
Title The management of innovation and technology :
Remainder of title the shaping of technology and institutions of the market economy /
Statement of responsibility, etc. John Howells.
260 ## - PUBLICATION, DISTRIBUTION, ETC.
Place of publication, distribution, etc. London ;
-- Thousand Oaks, Calif. :
Name of publisher, distributor, etc. SAGE,
Date of publication, distribution, etc. c2005.
300 ## - PHYSICAL DESCRIPTION
Extent vi, 290 p. :
Other physical details ill. ;
Dimensions 24 cm.
650 #0 - SUBJECT ADDED ENTRY--TOPICAL TERM
Topical term or geographic name entry element Technological innovations
General subdivision Economic aspects.
650 #0 - SUBJECT ADDED ENTRY--TOPICAL TERM
Topical term or geographic name entry element Technological innovations
General subdivision Government policy.
650 #0 - SUBJECT ADDED ENTRY--TOPICAL TERM
Topical term or geographic name entry element Research, Industrial
General subdivision Management.
856 41 - ELECTRONIC LOCATION AND ACCESS
Materials specified Table of contents only
Uniform Resource Identifier <a href="http://www.loc.gov/catdir/toc/fy054/2004114266.html">http://www.loc.gov/catdir/toc/fy054/2004114266.html</a>
856 42 - ELECTRONIC LOCATION AND ACCESS
Materials specified Publisher description
Uniform Resource Identifier <a href="http://www.loc.gov/catdir/enhancements/fy0658/2004114266-d.html">http://www.loc.gov/catdir/enhancements/fy0658/2004114266-d.html</a>
942 ## - ADDED ENTRY ELEMENTS (KOHA)
Source of classification or shelving scheme Library of Congress Classification
Koha item type Books
Suppress in OPAC No
999 ## -
-- 5960
-- 5960
Holdings
Withdrawn status Lost status Source of classification or shelving scheme Damaged status Not for loan Collection Home library Current library Shelving location Date acquired Total checkouts Full call number Barcode Date last seen Copy number Price effective from Koha item type
    Library of Congress Classification     Non-fiction Graduate Library (Christ Temple) Graduate Library (Christ Temple) General stacks 05/26/2025   HD 45.H69 HOW GSCT00001285 05/26/2025 1 05/26/2025 Books
    Library of Congress Classification     Non-fiction Graduate Library (Christ Temple) Graduate Library (Christ Temple) General stacks 05/26/2025   HD 45.H69 HOW GSCT00001286 05/26/2025 2 05/26/2025 Books
© 2023-2024 Copyright: Central University Libraries. All Rights Reserved | Created by: Mahone Tech Office